The chief currents of contemporary philosophy / (Record no. 28783)
[ view plain ]
| 000 -LEADER | |
|---|---|
| fixed length control field | 00851nam a22002777a 4500 |
| 001 - CONTROL NUMBER | |
| control field | 28783 |
| 003 - CONTROL NUMBER IDENTIFIER | |
| rucl marc code | BD-RjUL |
| 005 - DATE AND TIME OF LATEST TRANSACTION | |
| control field | 20211209051328.0 |
| 008 - FIXED-LENGTH DATA ELEMENTS--GENERAL INFORMATION | |
| fixed length control field | 140331r19501961ii a 001 0 eng |
| 035 ## - SYSTEM CONTROL NUMBER | |
| System control number | (BD-RjUL)28865 |
| 040 ## - CATALOGING SOURCE | |
| Original cataloging agency | DLC |
| Transcribing agency | DLC |
| Language of cataloging | eng |
| Modifying agency | BD-RjUL |
| 041 ## - LANGUAGE CODE | |
| Language code of text/sound track or separate title | eng |
| 082 ## - DEWEY DECIMAL CLASSIFICATION NUMBER | |
| Classification number | 109 |
| Author mark and year | DAC 1961 |
| 100 1# - MAIN ENTRY--PERSONAL NAME | |
| Personal name | Datta, Dhirendra Mohan, |
| Dates associated with a name | 1898- |
| 9 (RLIN) | 53461 |
| 245 14 - TITLE STATEMENT | |
| Title | The chief currents of contemporary philosophy / |
| Statement of responsibility, etc. | Dhirendra Mohan Datta. |
| 250 ## - EDITION STATEMENT | |
| Edition statement | 2 nd ed.. |
| 260 ## - PUBLICATION, DISTRIBUTION, ETC. (IMPRINT) | |
| Place of publication, distribution, etc. | Calcutta : |
| Name of publisher, distributor, etc. | University of Calcutta, |
| Date of publication, distribution, etc. | 1950 [Reprinted 1961] |
| 300 ## - PHYSICAL DESCRIPTION | |
| Pagination | xviii, 589 p. : |
| Size | 25 cm. |
| 504 ## - BIBLIOGRAPHY, ETC. NOTE | |
| Bibliography, etc | Includes index. |
| 650 #0 - SUBJECT ADDED ENTRY--TOPICAL TERM | |
| Topical term or geographic name as entry element | Philosophy, Indic. |
| 9 (RLIN) | 2858 |
| 830 #0 - SERIES ADDED ENTRY--UNIFORM TITLE | |
| Volume number/sequential designation | item 07089. |
| Uniform title | SAMP early 20th-century Indian books project ; |
| 942 ## - ADDED ENTRY ELEMENTS (KOHA) | |
| Source of classification or shelving scheme | Dewey Decimal Classification |
| Koha item type | Books |
| Lost status | Source of classification or shelving scheme | Damaged status | Not for loan | Collection code | Permanent Location | Current Location | Shelving location | Date acquired | Total Checkouts | Full call number | Date last seen | Copy number | Koha item type |
|---|---|---|---|---|---|---|---|---|---|---|---|---|---|
| Dewey Decimal Classification | Not For Loan | Non-fiction | Central Library, University of Rajshahi | Central Library, University of Rajshahi | Reading Room | 31/03/2014 | 109 DAC 1961 | 31/03/2014 | C-1 | Books |